Una política de fomento / (Registro nro. 8578)

Detalles MARC
000 -LEADER
fixed length control field 00711nam a2200205Ia 4500
003 - CONTROL NUMBER IDENTIFIER
control field OSt
005 - DATE AND TIME OF LATEST TRANSACTION
control field 20210921113817.0
008 - FIXED-LENGTH DATA ELEMENTS--GENERAL INFORMATION
fixed length control field 210310s1952 ck fr 100 0 spa d
040 ## - CATALOGING SOURCE
Original cataloging agency CO-JMCR
Transcribing agency CO-JMCR
041 0# - LANGUAGE CODE
Language code of text/sound track or separate title spa
082 04 - DEWEY DECIMAL CLASSIFICATION NUMBER
Classification number 330.9861 /
Item number C748u
Edition number 23
111 2# - MAIN ENTRY--MEETING NAME
Meeting name or jurisdiction name as entry element Conferencia Precios y Monopolios
Date of meeting or treaty signing (1952 :
Location of meeting Bogotá)
9 (RLIN) 40664
245 10 - TITLE STATEMENT
Title Una política de fomento /
Statement of responsibility, etc. Carlos Villaveces R
260 ## - PUBLICATION, DISTRIBUTION, ETC.
Place of publication, distribution, etc. Bogotá :
Name of publisher, distributor, etc. Imprenta Nacional,
Date of publication, distribution, etc. 1952
300 ## - PHYSICAL DESCRIPTION
Extent 75 páginas ;
Dimensions 23 cm.
650 14 - SUBJECT ADDED ENTRY--TOPICAL TERM
Topical term or geographic name entry element Política económica
9 (RLIN) 17682
Form subdivision Ensayos, conferencias, etc..
Chronological subdivision 1952
Geographic subdivision Colombia
650 24 - SUBJECT ADDED ENTRY--TOPICAL TERM
Topical term or geographic name entry element Regulación de precios
Geographic subdivision Colombia
9 (RLIN) 40665
650 24 - SUBJECT ADDED ENTRY--TOPICAL TERM
Topical term or geographic name entry element Leyes y legislación industrial
Geographic subdivision Colombia
9 (RLIN) 40666
942 ## - ADDED ENTRY ELEMENTS (KOHA)
Source of classification or shelving scheme Dewey Decimal Classification
Koha item type Books
Existencias
Withdrawn status Lost status Source of classification or shelving scheme Damaged status Not for loan Home library Current library Date acquired Source of acquisition Full call number Barcode Date last seen Copy number Koha item type
    Dewey Decimal Classification     Biblioteca Pública José María del Castillo y Rada Biblioteca Pública José María del Castillo y Rada 04/15/2018 Donación 330.9861 / C748u 430006248 05/16/2024 Ej.1 Books